Statistics for S Marks the Spot

Click here to take the quiz!

General Stats

  • This quiz has been taken 59 times
  • The average score is 14 of 21

Answer Stats

HintAnswer% Correct
Cowboy's ropeLasso
96%
One of five sensesTaste
96%
Fahrenheit alternativeCelsius
92%
Rigatoni, egPasta
92%
70s dance musicDisco
90%
StoneworkerMason
90%
Desert havenOasis
90%
Speak softlyWhisper
90%
Famous fable writerAesop
88%
Artist's standEasel
84%
Gerbil relativeHamster
78%
Double reed instrumentBassoon
69%
Kant or Nietzsche eg.Philosopher
69%
Estate houseMansion
67%
Murder a VIPAssassinate
65%
Napoleon's birthplaceCorsica
57%
Simple, easyBasic
25%
Medea's husbandJason
25%
Cocoon residentChrysalis
22%
Hallelujah oratorioMessiah
22%
Umbrella'd mushroomToadstool
22%

Score Distribution

Percentile by Number Answered

Percent of People with Each Score

Your Score History

You have not taken this quiz